Estadísticas para Países del Mundo en 1938

Haz click aquí para tomar la prueba!

Estadísticas generales

  • Esta prueba ha sido tomada 185 veces
  • La puntuación promedio es 70 de 76

Respuestas en el mapa

Las respuestas están codificadas por una escala verde-roja en el mapa de la prueba según el % correcto abajo.
Cargando...
 

Estadísticas de respuestas

País% Correcto
China
100%
Italia
99%
Islandia
99%
Mongolia
99%
Grecia
99%
Alemania
99%
Francia
99%
Finlandia
99%
España
99%
Suecia
99%
Portugal
99%
Turquía
99%
Reino Unido
99%
Brasil
99%
Australia
99%
Canadá
98%
Argentina
98%
Nepal
98%
Noruega
98%
Austria
98%
Estados Unidos
98%
Yugoslavia
98%
Egipto
98%
Polonia
98%
Irlanda
98%
Sudáfrica
98%
Unión Soviética
98%
Suiza
98%
Paraguay
97%
Perú
97%
Uruguay
97%
Nueva Zelanda
97%
México
97%
Venezuela
97%
Lituania
97%
Panamá
97%
Japón
97%
Irak
97%
Estonia
97%
Bélgica
97%
Bolivia
97%
Chile
97%
Cuba
97%
Dinamarca
97%
Irán
97%
Hungría
97%
Arabia Saudita
96%
Letonia
96%
Colombia
96%
Nicaragua
96%
Ecuador
95%
Rumania
95%
Albania
95%
Bulgaria
95%
El Salvador
95%
Guatemala
95%
Haití
95%
Países Bajos
95%
Honduras
95%
Costa Rica
95%
República Dominicana
94%
Afganistán
92%
Checoslovaquia
92%
Luxemburgo
91%
Andorra
89%
Liberia
84%
Vaticano
84%
Yemen
84%
San Marino
82%
Liechtenstein
82%
Mónaco
79%
Tíbet
75%
Siam
58%
Danzig
42%
Tuvá
37%
Hatay
31%

Distribución de puntuación

Porcentaje por número respondido

Porcentaje de gente con cada puntuación

Historial de tus puntuaciones

No has tomado esta prueba